[Event "AUT-chT2M 2324"]
[Site "Austria"]
[Date "2023.12.02"]
[Round "4.4"]
[White "Enoeckl, Philipp"]
[Black "Schnider, Gert"]
[Result "1/2-1/2"]
[WhiteElo "2313"]
[BlackElo "2382"]
[PlyCount "64"]
[EventDate "2023.11.03"]
[EventType "team-tourn"]
[EventRounds "11"]
[EventCountry "AUT"]
[SourceTitle "CBM 219 Extra"]
[Source "ChessBase"]
[SourceDate "2024.05.31"]
[SourceVersion "1"]
[SourceVersionDate "2024.05.31"]
[SourceQuality "1"]
[WhiteTeam "Steyregg"]
[BlackTeam "Frauental"]
[WhiteTeamCountry "AUT"]
[BlackTeamCountry "AUT"]

1. d4 Nf6 2. Nc3 d5 3. Bf4 c5 4. e4 Nxe4 5. Nxe4 dxe4 6. dxc5 Qa5+ 7. c3 Qxc5 8. Qa4+ Nc6 9. Qxe4 Bf5 10. Qa4 e5 11. Be3 Qa5 12. Qxa5 Nxa5 13. Nf3 f6 14. Be2 Be6 15. Nd2 Be7 16. 0-0 0-0 17. b4 Nc6 18. Nb3 b6 19. Nd2 Rac8 20. a4 f5 21. f3 Bf6 22. a5 e4 23. axb6 axb6 24. Rac1 exf3 25. Nxf3 Rb8 26. Rfd1 Bb3 27. Rd6 Rfe8 28. Kf2 Ne5 29. Nxe5 Bxe5 30. Rxb6 Bf4 31. Bxf4 Rxb6 32. b5 Rxe2+ 1/2-1/2

[Event "AUT-chT2M 2324"]
[Site "Austria"]
[Date "2023.11.04"]
[Round "2.3"]
[White "Enoeckl, Philipp"]
[Black "Feinig, Mario"]
[Result "1/2-1/2"]
[WhiteElo "2313"]
[BlackElo "2222"]
[PlyCount "107"]
[EventDate "2023.11.03"]
[EventType "team-tourn"]
[EventRounds "11"]
[EventCountry "AUT"]
[SourceTitle "CBM 217 Extra"]
[Source "ChessBase"]
[SourceDate "2024.01.31"]
[SourceVersion "1"]
[SourceVersionDate "2024.01.31"]
[SourceQuality "1"]
[WhiteTeam "Steyregg"]
[BlackTeam "Villach Admira"]
[WhiteTeamCountry "AUT"]
[BlackTeamCountry "AUT"]

1. d4 d5 2. Nc3 Nf6 3. Bf4 c5 4. e3 cxd4 5. exd4 Bg4 6. f3 Bd7 7. Qd2 Nc6 8. Nge2 a6 9. g4 e6 10. Nc1 b5 11. Nb3 b4 12. Nd1 Qb6 13. Nf2 a5 14. Be3 a4 15. Nc5 Bxc5 16. dxc5 Qa5 17. Bg2 0-0 18. 0-0 Ne5 19. b3 Bb5 20. Rfc1 Nfd7 21. f4 Nc6 22. f5 Rad8 23. Bg5 Rde8 24. c4 bxc3 25. Rxc3 axb3 26. Qb2 Nd4 27. Rxb3 Nxb3 28. axb3 Qc7 29. b4 exf5 30. Bxd5 Re2 31. Qd4 Qe5 32. Qxe5 Rxe5 33. Rd1 fxg4 34. Bf4 Rf5 35. Bg3 Nf6 36. Bb7 h5 37. Rc1 Bd7 38. Ba6 Bc8 39. Bd3 Rd5 40. b5 Rfd8 41. Bf1 Rd2 42. b6 Nd5 43. Ne4 Rb2 44. Nd6 Bd7 45. Bc4 Be6 46. Bxd5 Bxd5 47. c6 Rxb6 48. c7 Ra8 49. c8Q+ Rxc8 50. Rxc8+ Kh7 51. Rc5 Rb1+ 52. Kf2 Rd1 53. Nf5 Bf3 54. Nh4 1/2-1/2

[Event "AUT-chT2M 2324"]
[Site "Austria"]
[Date "2023.11.03"]
[Round "1.3"]
[White "Marakovits, Nico"]
[Black "Enoeckl, Philipp"]
[Result "1-0"]
[WhiteElo "2324"]
[BlackElo "2313"]
[PlyCount "147"]
[EventDate "2023.11.03"]
[EventType "team-tourn"]
[EventRounds "11"]
[EventCountry "AUT"]
[SourceTitle "CBM 217 Extra"]
[Source "ChessBase"]
[SourceDate "2024.01.31"]
[SourceVersion "1"]
[SourceVersionDate "2024.01.31"]
[SourceQuality "1"]
[WhiteTeam "Fuerstenfeld/Hartberg"]
[BlackTeam "Steyregg"]
[WhiteTeamCountry "AUT"]
[BlackTeamCountry "AUT"]

1. d4 g6 2. c4 Bg7 3. Nc3 d6 4. e4 Nf6 5. Nf3 0-0 6. Be2 Nbd7 7. 0-0 e5 8. Re1 c6 9. Bf1 Qe7 10. Rb1 a6 11. d5 c5 12. b4 cxb4 13. Rxb4 Nc5 14. Rb1 Bg4 15. h3 Bxf3 16. Qxf3 Nfd7 17. Bd3 Bf6 18. Ba3 Bg5 19. Qd1 Rfc8 20. Bc2 Rab8 21. Qe2 Qf8 22. Bb4 Bd8 23. Kh1 Bb6 24. Rf1 Nf6 25. Ba3 Ba5 26. Nd1 Nh5 27. Bc1 Qe8 28. Qf3 b5 29. Ne3 f6 30. Ng4 Qe7 31. Nh6+ Kh8 32. cxb5 axb5 33. Qg4 Qg7 34. Rxb5 Bc3 35. Rxb8 Rxb8 36. Qf3 Bd4 37. Ng4 Qe7 38. Ne3 Rc8 39. Nf5 gxf5 40. Qxf5 Ne6 41. Qxh5 Rxc2 42. dxe6 Qxe6 43. Bh6 Qg8 44. Qf3 Qg6 45. Rc1 Rxc1+ 46. Bxc1 h5 47. Be3 Bxe3 48. Qxe3 Kh7 49. a4 Qe8 50. a5 Qa4 51. Qa7+ Kg6 52. a6 Qa5 53. Kh2 h4 54. Qa8 Qd2 55. Qg8+ Kh5 56. Qh8+ Kg6 57. Qxh4 Qa2 58. Qg4+ Kh6 59. Qh4+ Kg6 60. Qg3+ Kf7 61. Qd3 Qxf2 62. Qf3 Qa2 63. Qf1 Qa3 64. Qe2 Ke7 65. h4 d5 66. exd5 Kd6 67. Qb5 e4 68. Qc6+ Ke5 69. Qe6+ Kd4 70. a7 Qxa7 71. d6 e3 72. d7 Qc7+ 73. Kh3 e2 74. Qxe2 1-0

[Event "AUT-chT2M 2223"]
[Site "Austria"]
[Date "2022.10.21"]
[Round "4.4"]
[White "Enoeckl, Philipp"]
[Black "Ftacnik, Lubomir"]
[Result "0-1"]
[WhiteElo "2292"]
[BlackElo "2462"]
[PlyCount "72"]
[EventDate "2022.09.30"]
[EventType "team-tourn"]
[EventRounds "11"]
[EventCountry "AUT"]
[SourceTitle "EXT 2024"]
[Source "ChessBase"]
[SourceDate "2023.10.10"]
[SourceVersion "1"]
[SourceVersionDate "2023.10.10"]
[SourceQuality "1"]
[WhiteTeam "Steyregg"]
[BlackTeam "Pinggau Friedberg"]
[WhiteTeamCountry "AUT"]
[BlackTeamCountry "AUT"]

1. d4 g6 2. c4 Nf6 3. Nc3 d5 4. Nf3 Bg7 5. Bf4 0-0 6. Rc1 dxc4 7. e3 c5 8. dxc5 Qxd1+ 9. Rxd1 Nbd7 10. c6 bxc6 11. Bxc4 Nb6 12. Be2 Nfd5 13. Nxd5 cxd5 14. Be5 f6 15. Bd4 Bb7 16. 0-0 Rfc8 17. b3 e5 18. Bb2 Rc2 19. Rd2 Rac8 20. Bd3 R2c7 21. Bb1 d4 22. exd4 e4 23. Nh4 f5 24. g3 Bh6 25. Rdd1 e3 26. Rfe1 Rc2 27. Bxc2 Rxc2 28. f4 Rxb2 29. Rxe3 Bf8 30. Re8 Rc2 31. a4 Kf7 32. Rb8 Be4 33. Rf1 Nd7 34. Rb5 a6 35. Ra5 Bb7 36. Nf3 Bb4 0-1

[Event "Steyr Landesliga 2122"]
[Site "Austria"]
[Date "2021.11.13"]
[Round "2.2"]
[White "Enoeckl, Philipp"]
[Black "Steiner, Stefan"]
[Result "0-1"]
[WhiteElo "2284"]
[BlackElo "2269"]
[PlyCount "68"]
[EventDate "2021.10.16"]
[EventType "team-tourn"]
[EventRounds "11"]
[EventCountry "AUT"]
[SourceTitle "EXT 2023"]
[Source "ChessBase"]
[SourceDate "2022.10.05"]
[SourceVersion "1"]
[SourceVersionDate "2022.10.05"]
[SourceQuality "1"]
[WhiteTeam "Leoben"]
[BlackTeam "Gratwein Strassengel"]
[WhiteTeamCountry "AUT"]
[BlackTeamCountry "AUT"]

1. d4 e6 2. e4 d5 3. Nc3 Nf6 4. e5 Nfd7 5. Nce2 c5 6. c3 Nc6 7. f4 a6 8. Nf3 b5 9. g4 h5 10. gxh5 Rxh5 11. Ng3 Rh8 12. Bd3 cxd4 13. cxd4 Bb4+ 14. Kf2 Be7 15. Be3 Nf8 16. Rc1 Bd7 17. h4 Rc8 18. h5 Nb4 19. Bb1 Rxc1 20. Qxc1 Qc8 21. Qd1 Nc6 22. Ne1 f5 23. exf6 Bxf6 24. Nf3 Na5 25. Ne5 Nc4 26. Qg4 Nxe3 27. Kxe3 Ke7 28. Qe2 g5 29. hxg6 Rxh1 30. Nxh1 Qc1+ 31. Qd2 Qxb1 32. Nf2 Bxe5 33. fxe5 Nxg6 34. Ng4 Qe4+ 0-1

[Event "AUT-chT2M 2122"]
[Site "Austria"]
[Date "2021.10.24"]
[Round "6.5"]
[White "Enoeckl, Philipp"]
[Black "Holzmann, Joerg"]
[Result "1-0"]
[WhiteElo "2284"]
[BlackElo "2182"]
[PlyCount "43"]
[EventDate "2021.10.01"]
[EventType "team-tourn"]
[EventRounds "11"]
[EventCountry "AUT"]
[SourceTitle "EXT 2023"]
[Source "ChessBase"]
[SourceDate "2022.10.05"]
[SourceVersion "1"]
[SourceVersionDate "2022.10.05"]
[SourceQuality "1"]
[WhiteTeam "Steyregg"]
[BlackTeam "Villach Admira"]
[WhiteTeamCountry "AUT"]
[BlackTeamCountry "AUT"]

1. d4 f5 2. Nc3 Nf6 3. Bg5 d5 4. e3 e6 5. Nf3 Be7 6. h3 Ne4 7. Bxe7 Qxe7 8. Bd3 Nd7 9. g4 Ndf6 10. Ne5 0-0 11. f4 c5 12. Bxe4 fxe4 13. Qd2 b6 14. h4 a5 15. h5 a4 16. dxc5 bxc5 17. g5 Ne8 18. Nxd5 Qb7 19. Nc3 Nc7 20. h6 g6 21. Nxg6 hxg6 22. h7+ 1-0

[Event "AUT-ch Blitz"]
[Site "Graz"]
[Date "2021.06.06"]
[Round "5"]
[White "Diermair, Andreas"]
[Black "Enoeckl, Philipp"]
[Result "1/2-1/2"]
[WhiteElo "2459"]
[BlackElo "2284"]
[PlyCount "77"]
[EventDate "2021.06.06"]
[EventType "swiss (blitz)"]
[EventRounds "11"]
[EventCountry "AUT"]
[SourceTitle "CBM 202 Extra"]
[Source "ChessBase"]
[SourceDate "2021.07.31"]
[SourceVersion "1"]
[SourceVersionDate "2021.07.31"]
[SourceQuality "1"]

1. d4 Nf6 2. c4 g6 3. Nf3 Bg7 4. g3 d6 5. Bg2 0-0 6. Nc3 Nc6 7. 0-0 a6 8. b3 Rb8 9. d5 Na5 10. Bg5 c5 11. dxc6 bxc6 12. c5 d5 13. Rc1 Bg4 14. Ne5 Bf5 15. Nf3 Ne4 16. Nxe4 Bxe4 17. Qd2 f6 18. Bh6 Bxh6 19. Qxh6 e5 20. Rfd1 Qe7 21. Qd2 Nb7 22. b4 Nd8 23. Qc3 Ne6 24. Bf1 Qb7 25. a3 d4 26. Qb3 Bd5 27. Qc2 a5 28. Rb1 axb4 29. axb4 Qd7 30. Nd2 Ng5 31. f3 Nh3+ 32. Kg2 Ng5 33. Kg1 Nh3+ 34. Kg2 Ng5 35. Kg1 Rb7 36. Nc4 Nh3+ 37. Kg2 Ng5 38. Kg1 Nh3+ 39. Kg2 1/2-1/2

[Event "AUT-ch Rapid"]
[Site "Graz"]
[Date "2021.06.04"]
[Round "2"]
[White "Enoeckl, Philipp"]
[Black "Jedinger, Andreas"]
[Result "1-0"]
[WhiteElo "2284"]
[BlackElo "2117"]
[PlyCount "59"]
[EventDate "2021.06.04"]
[EventType "swiss (rapid)"]
[EventRounds "9"]
[EventCountry "AUT"]
[SourceTitle "CBM 202 Extra"]
[Source "ChessBase"]
[SourceDate "2021.07.31"]
[SourceVersion "1"]
[SourceVersionDate "2021.07.31"]
[SourceQuality "1"]

1. d4 Nf6 2. c4 g6 3. Nc3 d5 4. Nf3 Bg7 5. Bf4 0-0 6. Rc1 dxc4 7. e3 c5 8. dxc5 Qa5 9. Bxc4 Qxc5 10. Bb3 Nc6 11. 0-0 Rd8 12. Qe2 Bf5 13. e4 Bg4 14. Nd5 Bxf3 15. Qxf3 Qd4 16. Rxc6 bxc6 17. Nxe7+ Kh8 18. Nxc6 Qxe4 19. Nxd8 Rxd8 20. Bxf7 Qe7 21. Bb3 Nh5 22. Bc1 Rf8 23. Qe3 Qb7 24. g3 Nf6 25. Qe2 h5 26. h3 Kh7 27. Bc2 Bh6 28. Bxh6 Kxh6 29. Rd1 Nd7 30. Qd2+ 1-0

[Event "AUT-ch Zwisch Internet"]
[Site "Playchess.com INT"]
[Date "2020.05.02"]
[Round "1"]
[White "Goelles, Herbert"]
[Black "Enoeckl, Philipp"]
[Result "0-1"]
[WhiteElo "1705"]
[BlackElo "2276"]
[PlyCount "152"]
[EventDate "2020.05.02"]
[EventType "swiss (blitz)"]
[EventRounds "13"]
[EventCountry "AUT"]
[SourceTitle "CBM 195 Extra"]
[Source "ChessBase"]
[SourceDate "2020.05.31"]
[SourceVersion "1"]
[SourceVersionDate "2020.05.31"]
[SourceQuality "1"]

1. f4 Nf6 2. Nf3 g6 3. g3 Bg7 4. Bg2 0-0 5. 0-0 c5 6. d3 Nc6 7. e4 d6 8. c3 Rb8 9. h3 b5 10. Qe2 b4 11. c4 e5 12. Nbd2 Nh5 13. Qf2 exf4 14. g4 Ng3 15. Re1 Nd4 16. Nf1 Nxf1 17. Rxf1 g5 18. Kh2 h6 19. Rb1 a5 20. b3 a4 21. Bb2 Nxf3+ 22. Bxf3 Be6 23. Bxg7 Kxg7 24. d4 Qb6 25. Rbd1 Rfd8 26. Rfe1 f6 27. h4 Rd7 28. Kg2 Ra7 29. Re2 axb3 30. axb3 Ra3 31. Rb1 Re8 32. hxg5 hxg5 33. e5 cxd4 34. exf6+ Kxf6 35. Re4 Bf7 36. Rxd4 Re3 37. Qd2 Ke7 38. Re1 Rxe1 39. Qxe1+ Kd7 40. Qd2 Ra2 41. Qxa2 Qxd4 42. Qc2 Qc3 43. Qf5+ Be6 44. Qb5+ Ke7 45. Qxg5+ Kd7 46. Qb5+ Ke7 47. Qg5+ Kd7 48. Qxf4 Qxb3 49. c5 Qc2+ 50. Kg3 Qxc5 51. g5 Qe5 52. g6 b3 53. Be4 Ke7 54. Kf3 Qxf4+ 55. Kxf4 Kf6 56. Bb1 Bd7 57. Bd3 Be8 58. g7 Kxg7 59. Bc4 b2 60. Ba2 Bg6 61. Ke3 Kf6 62. Kd4 Ke7 63. Kd5 b1Q 64. Bxb1 Bxb1 65. Kd4 Ke6 66. Ke3 Ke5 67. Kd2 Kd4 68. Kc1 Bd3 69. Kd2 d5 70. Kd1 Ke3 71. Ke1 d4 72. Kd1 Bb5 73. Ke1 Bd7 74. Kd1 d3 75. Ke1 d2+ 76. Kd1 Ba4# 0-1

[Event "AUT-ch Zwisch Internet"]
[Site "Playchess.com INT"]
[Date "2020.05.02"]
[Round "6"]
[White "Perhinig, Robert"]
[Black "Enoeckl, Philipp"]
[Result "1/2-1/2"]
[WhiteElo "2252"]
[BlackElo "2276"]
[PlyCount "42"]
[EventDate "2020.05.02"]
[EventType "swiss (blitz)"]
[EventRounds "13"]
[EventCountry "AUT"]
[SourceTitle "CBM 195 Extra"]
[Source "ChessBase"]
[SourceDate "2020.05.31"]
[SourceVersion "1"]
[SourceVersionDate "2020.05.31"]
[SourceQuality "1"]

1. d4 Nf6 2. Bg5 c5 3. d5 Ne4 4. Bf4 Qb6 5. Bc1 f5 6. f3 Nd6 7. Nc3 e5 8. e4 Be7 9. a4 0-0 10. Nh3 fxe4 11. fxe4 Nf7 12. Be2 d6 13. Nf2 Bg5 14. 0-0 Bxc1 15. Qxc1 Qd8 16. Qe3 Nd7 17. Bg4 a6 18. Nh3 Nf6 19. Bxc8 Qxc8 20. Ng5 Nxg5 21. Qxg5 Qg4 1/2-1/2

[Event "AUT-ch Zwisch Internet"]
[Site "Playchess.com INT"]
[Date "2020.05.02"]
[Round "3"]
[White "Pirker, Christian"]
[Black "Enoeckl, Philipp"]
[Result "0-1"]
[WhiteElo "2167"]
[BlackElo "2276"]
[PlyCount "84"]
[EventDate "2020.05.02"]
[EventType "swiss (blitz)"]
[EventRounds "13"]
[EventCountry "AUT"]
[SourceTitle "CBM 195 Extra"]
[Source "ChessBase"]
[SourceDate "2020.05.31"]
[SourceVersion "1"]
[SourceVersionDate "2020.05.31"]
[SourceQuality "1"]

1. e4 e6 2. d3 d5 3. Nd2 Nf6 4. g3 dxe4 5. dxe4 e5 6. Ngf3 Nbd7 7. Bg2 b6 8. 0-0 Ba6 9. Re1 Bd6 10. Nh4 0-0 11. Nf5 Nc5 12. g4 Ne6 13. Nf1 Bc5 14. Qf3 g6 15. Rd1 Qe8 16. Bh6 Nd7 17. N5e3 Nd4 18. Qg3 Ne2+ 19. Kh1 Nxg3+ 20. hxg3 c6 21. Bf3 Rd8 22. Kg2 Nb8 23. Re1 Qe7 24. Bxf8 Rxf8 25. Nh2 Rd8 26. g5 Bxe3 27. Rxe3 Bc8 28. Ng4 Bxg4 29. Bxg4 c5 30. f4 Rd2+ 31. Be2 Nc6 32. c3 Rxb2 33. Kf3 f6 34. gxf6 Qxf6 35. Rd1 exf4 36. gxf4 Kf8 37. e5 Qh4 38. Rd6 Qh3+ 39. Ke4 Qg2+ 40. Bf3 Qc2+ 41. Kd5 Ne7+ 42. Ke6 Qf5# 0-1

[Event "AUT-ch Vor3 Internet"]
[Site "Playchess.com INT"]
[Date "2020.04.17"]
[Round "4"]
[White "Buchegger, Fridolin"]
[Black "Enoeckl, Philipp"]
[Result "0-1"]
[WhiteElo "1827"]
[BlackElo "2276"]
[PlyCount "80"]
[EventDate "2020.04.17"]
[EventType "swiss (blitz)"]
[EventRounds "9"]
[EventCountry "AUT"]
[SourceTitle "CBM 195 Extra"]
[Source "ChessBase"]
[SourceDate "2020.05.31"]
[SourceVersion "1"]
[SourceVersionDate "2020.05.31"]
[SourceQuality "1"]

1. d4 Nf6 2. Nf3 g6 3. e3 Bg7 4. Bd3 0-0 5. 0-0 b6 6. b3 Bb7 7. Nbd2 d6 8. Bb2 Nbd7 9. c4 e6 10. Qc2 Re8 11. Rfe1 Qe7 12. e4 e5 13. dxe5 dxe5 14. Rad1 Nh5 15. Bf1 Nf4 16. g3 Ne6 17. a3 a5 18. Bg2 Rad8 19. Nb1 c6 20. Nc3 Nd4 21. Nxd4 exd4 22. Ne2 c5 23. Nf4 Ne5 24. Nd5 Qd6 25. f4 Ng4 26. h3 Bxd5 27. hxg4 Bc6 28. e5 Qd7 29. Bxc6 Qxc6 30. Rd3 f6 31. Rd2 fxe5 32. fxe5 Rxe5 33. Rxe5 Bxe5 34. Qd3 Rf8 35. Re2 Rf3 36. Qd1 Rxg3+ 37. Kf2 Qf3+ 38. Ke1 Rg1+ 39. Kd2 Rxd1+ 40. Kxd1 d3 0-1

[Event "AUT-ch Vor3 Internet"]
[Site "Playchess.com INT"]
[Date "2020.04.17"]
[Round "5"]
[White "Enoeckl, Philipp"]
[Black "Doskocil, Klaus"]
[Result "1-0"]
[WhiteElo "2276"]
[BlackElo "2157"]
[PlyCount "87"]
[EventDate "2020.04.17"]
[EventType "swiss (blitz)"]
[EventRounds "9"]
[EventCountry "AUT"]
[SourceTitle "CBM 195 Extra"]
[Source "ChessBase"]
[SourceDate "2020.05.31"]
[SourceVersion "1"]
[SourceVersionDate "2020.05.31"]
[SourceQuality "1"]

1. d4 Nf6 2. Bg5 g6 3. Bxf6 exf6 4. g3 f5 5. e3 Bg7 6. Bg2 0-0 7. Ne2 d5 8. 0-0 c6 9. b3 Be6 10. Qd3 Na6 11. a3 Rc8 12. Nd2 c5 13. c3 c4 14. bxc4 dxc4 15. Qb1 Bd5 16. Bxd5 Qxd5 17. Nf4 Qd7 18. a4 b6 19. Qb5 Nb8 20. Qxd7 Nxd7 21. Rfb1 Rfe8 22. a5 bxa5 23. Rxa5 Rb8 24. Rxb8 Rxb8 25. Nxc4 Rc8 26. Rxa7 Rxc4 27. Rxd7 Rxc3 28. h4 h6 29. h5 g5 30. Nd5 Rc1+ 31. Kg2 Rc2 32. Ne7+ Kh7 33. Nxf5 Kg8 34. Rd8+ Kh7 35. g4 Ra2 36. Kf3 Rb2 37. Rd7 Kg8 38. Rc7 Ra2 39. Rc6 Rb2 40. Nxh6+ Bxh6 41. Rxh6 Kg7 42. Rc6 Ra2 43. Rc5 Kh6 44. Rf5 1-0

[Event "AUT-ch Vor1 Internet"]
[Site "Playchess.com INT"]
[Date "2020.04.11"]
[Round "1"]
[White "Enoeckl, Philipp"]
[Black "Schreiner, Peter"]
[Result "1-0"]
[WhiteElo "2276"]
[BlackElo "2440"]
[PlyCount "157"]
[EventDate "2020.04.11"]
[EventType "swiss (blitz)"]
[EventRounds "9"]
[EventCountry "AUT"]
[SourceTitle "CBM 195 Extra"]
[Source "ChessBase"]
[SourceDate "2020.05.31"]
[SourceVersion "1"]
[SourceVersionDate "2020.05.31"]
[SourceQuality "1"]

1. d4 Nf6 2. Bg5 d5 3. e3 Ne4 4. Bf4 c5 5. Bd3 Nf6 6. c3 Qb6 7. Qb3 c4 8. Qxb6 axb6 9. Bc2 Nc6 10. Na3 Ra5 11. Bc7 Nd7 12. Bd1 e6 13. Nc2 Be7 14. Nf3 0-0 15. 0-0 Ra8 16. Be2 b5 17. a3 Nf6 18. Ne5 Nxe5 19. Bxe5 Nd7 20. Bg3 Nb6 21. Rab1 Bd7 22. Bf3 Bc6 23. Rfe1 f5 24. Be5 Rfc8 25. Bd1 Be8 26. f4 Nd7 27. Rf1 Bg6 28. Bf3 Kf7 29. Kf2 Nxe5 30. dxe5 Bc5 31. Ke2 Ke7 32. Ra1 Be8 33. Nd4 Bd7 34. Kd2 Rg8 35. h4 g6 36. Rh1 h6 37. Ke2 Rg7 38. g3 Kd8 39. Rh2 Kc7 40. Rhh1 Kb6 41. Nc2 Rag8 42. Rh2 g5 43. hxg5 hxg5 44. Rah1 gxf4 45. gxf4 Bc6 46. Nd4 Bxd4 47. exd4 Bd7 48. Kf2 Kc6 49. Rh7 Kb6 50. Rxg7 Rxg7 51. Rh6 Kc7 52. Rh8 Kb6 53. Rh6 Ka5 54. Bd1 Kb6 55. Rh2 Kc7 56. Rh4 Kd8 57. Rh3 Ke7 58. Rh6 Be8 59. Bf3 Bd7 60. Rh8 Bc6 61. Rh6 Kd7 62. Rh8 Kc7 63. Rh6 Bd7 64. Bd1 Kb6 65. Rh4 Re7 66. Rh6 Re8 67. Rh7 Kc6 68. Bh5 Ra8 69. Bf7 Rf8 70. Bh5 Rg8 71. Bf3 Ra8 72. Bh5 b4 73. cxb4 c3 74. b5+ Kc7 75. bxc3 Rxa3 76. Be8 Rxc3 77. Bxd7 Kb6 78. Bxe6 Kxb5 79. Bxd5 1-0

[Event "AUT-ch Vor1 Internet"]
[Site "Playchess.com INT"]
[Date "2020.04.11"]
[Round "8"]
[White "Froewis, Annika"]
[Black "Enoeckl, Philipp"]
[Result "0-1"]
[WhiteElo "2136"]
[BlackElo "2276"]
[PlyCount "80"]
[EventDate "2020.04.11"]
[EventType "swiss (blitz)"]
[EventRounds "9"]
[EventCountry "AUT"]
[SourceTitle "CBM 195 Extra"]
[Source "ChessBase"]
[SourceDate "2020.05.31"]
[SourceVersion "1"]
[SourceVersionDate "2020.05.31"]
[SourceQuality "1"]

1. e4 e6 2. d4 d5 3. Nc3 Bb4 4. e5 Ne7 5. a3 Bxc3+ 6. bxc3 b6 7. h4 Ba6 8. Bxa6 Nxa6 9. Qd3 Nb8 10. h5 h6 11. a4 Nbc6 12. Ba3 Na5 13. Nh3 Nc4 14. Bc1 Qd7 15. g4 0-0-0 16. Nf4 Kb7 17. Qf3 Rc8 18. Nd3 Rhf8 19. a5 f6 20. exf6 Rxf6 21. Qe2 Nc6 22. axb6 cxb6 23. 0-0 g5 24. Rb1 Ka8 25. Ra1 Re8 26. Be3 Kb8 27. Rfb1 Nxe3 28. Qxe3 e5 29. Qg3 Rf4 30. Nxf4 gxf4 31. Qh3 e4 32. f3 Kb7 33. Rf1 Rg8 34. Kf2 Na5 35. Rg1 e3+ 36. Ke2 Qb5+ 37. Ke1 Qb2 38. Rd1 Qxc3+ 39. Kf1 Qxc2 40. Qg2 Qxd1# 0-1